Las mejoras en el Arrendamiento Rústico. Estudio de Derecho Comparado.
Сохранить в:
| Главный автор: | |
|---|---|
| Формат: | |
| Опубликовано: |
Salamanca, España:
Publicaciones del Departamento de Derecho Civil, 2.ª Cátedra,
1978.
|
| Предметы: | |
| Метки: |
Добавить метку
Нет меток, Требуется 1-ая метка записи!
|
MARC
| LEADER | 00000nam a22000007a 4500 | ||
|---|---|---|---|
| 003 | CL-VaPUC | ||
| 005 | 20220822114645.0 | ||
| 008 | 220719t1978 ||||| |||| 00| 0 eng d | ||
| 999 | |c 437244 |d 437242 | ||
| 020 | |a 84-600-1155-0 | ||
| 040 | |c Pontificia Universidad Católica de Valparaíso | ||
| 082 | 7 | |a 346.4604348 VAT 1978 |2 22 | |
| 100 | |a Vattier Fuenzalida, Carlos |9 385691 |e autor | ||
| 245 | |a Las mejoras en el Arrendamiento Rústico. |b Estudio de Derecho Comparado. | ||
| 260 | |a Salamanca, España: |b Publicaciones del Departamento de Derecho Civil, 2.ª Cátedra, |c 1978. | ||
| 300 | |a 484 páginas. | ||
| 500 | |a c.1 Donación Familia Prof. Alejandro Guzmán Brito. | ||
| 583 | |c 20220719 |k Cristina María Rojas Aguilar | ||
| 650 | |a Propiedad rústica |x Derecho |9 873342 | ||
| 650 | |a Propiedad rústica |x Derecho |z España |x Legislación |9 873343 | ||
| 942 | |2 ddc |c BK |n 0 | ||
| 952 | |0 0 |1 0 |2 ddc |4 0 |6 346_460434800000000_VAT_1978 |7 0 |8 C_AGB |9 585002 |a BIBDER |b BIBDER |d 2022-07-19 |e Donación |i 5653070 |o 346.4604348 VAT 1978 |p 5653070 |r 2023-01-25 |t 1 |w 2022-07-19 |y BK_US |k AGB | ||